| 000 | 01124nas a2200301 4500 | ||
|---|---|---|---|
| 001 | BR9200853 | ||
| 003 | BR-BrBNA | ||
| 005 | 20231205092321.0 | ||
| 007 | ta | ||
| 008 | 230509b bl.|||p| |||| 00| 00por d | ||
| 040 |
_aBR-BrBNA _bpor _cBiblioteca Nacional de Agricultura |
||
| 041 | _a(Pt) | ||
| 072 | _aH10 | ||
| 100 | 1 | _aFazolin, M. | |
| 100 | 1 | _aPereira, L.V. | |
| 100 | 1 | _aWilcken, C.F. | |
| 245 | 1 | _aInfluencia de tres inseticidas sobre o controle e atratividade de Cosmopolites sordidus (Germar, 1824)(Coleoptera, Curculionidae)em iscas tipo queijo, no municipio de Rio Branco, Acre | |
| 246 | 1 | _aInfluence of three insecticides on the control and atractivity of Cosmopolites sordidus (Germar, 1824)(Coleoptera, Curculionidae)to "cheese-type" baits in northern Brazil | |
| 650 | _aBROCA | ||
| 650 | _aINSETICIDA | ||
| 650 | _aCONTROLE QUIMICO | ||
| 650 | _aATRATIVO | ||
| 650 | _aISCA | ||
| 650 | _aACRE | ||
| 773 | 0 |
_tAnais da Sociedade Entomologica do Brasil (Brazil) _xISSN 0301-8059 _g(1990), v. 19(1) p. 181-189 _wBR9200853 |
|
| 909 |
_a202311 _bLúcia _c55 _dLúcia Elande |
||
| 942 |
_2AGRIS _n0 _cANA |
||
| 999 |
_c130881 _d130881 |
||